Anthologie bilingue de la poésie latine, Édition sous la dir. de Philippe Heuzé, avec la collaboration d’André Daviault, Sylvain Durand, Yves Hersant, René Martin et Étienne Wolff, Gallimard, 2020, 1920 p., 69 € (notice n° 1627684)
[ vue normale ]
| 000 -LEADER | |
|---|---|
| fixed length control field | 01390cam a2200169 4500500 |
| 005 - DATE AND TIME OF LATEST TRANSACTION | |
| control field | 20260111093950.0 |
| 041 ## - LANGUAGE CODE | |
| Language code of text/sound track or separate title | fre |
| 042 ## - AUTHENTICATION CODE | |
| Authentication code | dc |
| 100 10 - MAIN ENTRY--PERSONAL NAME | |
| Personal name | Suzzoni, Cécilia |
| Relator term | author |
| 245 00 - TITLE STATEMENT | |
| Title | Anthologie bilingue de la poésie latine, Édition sous la dir. de Philippe Heuzé, avec la collaboration d’André Daviault, Sylvain Durand, Yves Hersant, René Martin et Étienne Wolff, Gallimard, 2020, 1920 p., 69 € |
| 260 ## - PUBLICATION, DISTRIBUTION, ETC. | |
| Date of publication, distribution, etc. | 2021.<br/> |
| 500 ## - GENERAL NOTE | |
| General note | 80 |
| 520 ## - SUMMARY, ETC. | |
| Summary, etc. | La culture juive, comme la littérature rabbinique, véhiculent des conceptions alternatives de l’homme, qui font office de « masculinités de résistance » face aux modèles occidentaux. Or l’État d’Israël paraît rompre avec cet héritage pour embrasser des idéaux conventionnels de virilité, marqués par trois figures symboliques : le soldat, le pionnier et le chef. |
| 520 ## - SUMMARY, ETC. | |
| Summary, etc. | Jewish culture and rabbinical literature convey alternative conceptions of man, which act as “masculinities of resistance” against Western models. However, the State of Israel appears to be breaking with this heritage to embrace conventional ideals of virility, marked by three symbolic figures: the soldier, the pioneer and the leader. |
| 786 0# - DATA SOURCE ENTRY | |
| Note | Esprit | Avril | 4 | 2021-03-23 | p. 131e-154e | 0014-0759 |
| 856 41 - ELECTRONIC LOCATION AND ACCESS | |
| Uniform Resource Identifier | <a href="https://shs.cairn.info/revue-esprit-2021-4-page-131e?lang=fr&redirect-ssocas=7080">https://shs.cairn.info/revue-esprit-2021-4-page-131e?lang=fr&redirect-ssocas=7080</a> |
Pas d'exemplaire disponible.




Réseaux sociaux